The mutual fund portfolio planner : a guide for selecting the best funds for you in today's market /

Bibliographic Details
Main Author: Dorf, Richard C.
Format: Book
Language:English
Published: Chicago, Ill. : Probus Pub., [1988]
Subjects:

MARC

Tag First Indicator Second Indicator Subfields
LEADER 00000cam a22000008a 4500
001 in00000010881
005 20151007051934.0
008 871228s1988 ilua 00010 eng
010 |a  87038189  
020 |a 0917253949 (pbk.) :  |c $24.95 
035 |a (OCoLC)17325763 
035 |9 AAA5545AM 
040 |a DLC  |c DLC  |d TXA  |d UtOrBLW 
049 |a TXAM  |c [A11034920] 
050 0 0 |a HG4530  |b .D66 1988 
082 0 |a 332.63/27  |2 19 
100 1 |a Dorf, Richard C. 
245 1 4 |a The mutual fund portfolio planner :  |b a guide for selecting the best funds for you in today's market /  |c Richard C. Dorf. 
264 1 |a Chicago, Ill. :  |b Probus Pub.,  |c [1988] 
264 4 |c ©1988 
300 |a xvii, 375 pages :  |b illustrations 
336 |a text  |b txt  |2 rdacontent 
337 |a unmediated  |b n  |2 rdamedia 
338 |a volume  |b nc  |2 rdacarrier 
650 0 |a Mutual funds. 
999 |a MARS 
999 f f |s d7d3b3fc-fc98-3327-b286-51b3763925e8  |i e9606305-dc6a-3cfc-92d4-c64a3175e12c  |t 0 
952 f f |p ric  |a Texas A&M University  |b Rellis Campus  |c Joint Library Facility  |d Remote Storage  |t 0  |e HG4530 .D66 1988  |h Library of Congress classification  |i unmediated -- volume  |m A14811034920 
998 f f |a HG4530 .D66 1988  |t 0  |l Remote Storage